|
|
|
|
| LEADER |
00000nam0a2200000 4500 |
| 001 |
328471 |
| 005 |
20231102004050.0 |
| 035 |
|
|
|a (RuTPU)RU\TPU\book\354171
|
| 090 |
|
|
|a 328471
|
| 100 |
|
|
|a 20170217d1971 km y0rusy50 ca
|
| 101 |
0 |
|
|a rus
|
| 102 |
|
|
|a RU
|
| 105 |
|
|
|a a z 001zy
|
| 200 |
1 |
|
|a Методика расчета параметров вибрационных питателей и грохотов-питателей с высокой грузонесущей способностью
|f Д. И. Жуковин
|g Академия наук СССР (АН СССР), Институт горного дела им. А. А. Скочинского (ИГД)
|
| 210 |
|
|
|a Москва
|c Изд-во института горного дела
|d 1971
|
| 215 |
|
|
|a 22 с.
|c ил.
|
| 320 |
|
|
|a Библиогр.: с. 21-22
|
| 606 |
1 |
|
|a Дробилки щековые
|x Расчет
|2 stltpush
|3 (RuTPU)RU\TPU\subj\10192
|9 37311
|
| 610 |
1 |
|
|a питатели-грохоты
|
| 610 |
1 |
|
|a вибрационные питатели
|
| 610 |
1 |
|
|a параметры
|
| 610 |
1 |
|
|a расчеты
|
| 610 |
1 |
|
|a нагрузки
|
| 610 |
1 |
|
|a формулы
|
| 610 |
1 |
|
|a номограммы
|
| 610 |
1 |
|
|a транспортирующие машины
|
| 610 |
1 |
|
|a колебания
|
| 610 |
1 |
|
|a технологические режимы
|
| 610 |
1 |
|
|a методики
|
| 675 |
|
|
|a 622.732
|v 4
|
| 700 |
|
1 |
|a Жуковин
|b Д. И.
|g Дмитрий Иванович
|
| 712 |
0 |
2 |
|a Академия наук СССР (АН СССР)
|b Институт горного дела им. А. А. Скочинского (ИГД)
|c (Люберцы)
|2 stltpush
|3 (RuTPU)RU\TPU\col\11351
|
| 801 |
|
1 |
|a RU
|b 63413507
|c 20170217
|
| 801 |
|
2 |
|a RU
|b 63413507
|c 20170222
|g RCR
|
| 942 |
|
|
|c BK
|